000 00470nam a2200157Ia 4500
003 LK-CoDNM
008 010623t1996 xxu||||| |||| 00| 1 sin d
040 _aLK-CoDNM
_dLK-CoDNM
_eLK-CoDNM
041 _asin
080 _aX 32
245 _aසාමය උදෙසා ආගම්ක සහයේාගිතාවය
246 _aSamaya Udesa Agamika Sahayogithawa
260 _bSamaya HA Samyika Jathika Samuluwa
_c1996
300 _b218p.;21 cm cm
942 _cBK
999 _c117943
_d117943